Software en sistemas de desarrollo : monitores, sistemas operativos, lenguajes evolucionados, emuladores / realizado por J. Gamiz, colaboración de J. Mompo, M. Santamaria monitores, sistemas operativos, lenguajes evolucionados, emuladores / realizado por J. Gamiz, colaboración de J. Mompo, M. Santamaria
Descripción Física:
103 p. ; 30 cm
Materias:
Informàtica
MARC
| LEADER | 00000nam a2200000Ia 4500 | ||
|---|---|---|---|
| 001 | 1962 | ||
| 008 | 160829s9999 xx 000 0 cat d | ||
| 080 | |a C-1-530 | ||
| 100 | |a Gámiz, J. |9 34482 | ||
| 245 | |a Software en sistemas de desarrollo : |b monitores, sistemas operativos, lenguajes evolucionados, emuladores / realizado por J. Gamiz, colaboración de J. Mompo, M. Santamaria | ||
| 260 | |a Barcelona : |b Escuela Universitaria de Ingenieria Técnica Industrial, [198 - ?] | ||
| 300 | |a 103 p. ; |c 30 cm | ||
| 650 | |a Informàtica |9 41043 | ||
| 700 | |a Mompo, J. |9 34483 | ||
| 700 | |a Santamaria, M. |9 34484 | ||
| 710 | 2 | |a Escola Universitària d'Enginyeria Tècnica Industrial de Barcelona |9 54317 | |
| 901 | |a Arxiu | ||
| 942 | |n 1 | ||
| 952 | |0 0 |1 0 |4 0 |6 C1530 |7 1 |9 46536 |a Arxiu |b Arxiu |d 2016-12-01 |l 0 |o C-1-530 |p 1962 |r 2016-12-01 00:00:00 |w 2016-12-01 |y ARXIU | ||
| 999 | |c 50327 |d 50327 | ||